000 00867nam0a22002651 4500
001 v19\rc\1729204
005 20260407121938.0
035 _a(NLR Aleph) 004824927
090 _a5052544
_c5052544
100 _a20061002d1901 |||y0rusy50 ca
101 0 _arus
102 _aRU
105 _aa z |||||
200 1 _aУстав о службе в лагерях и в походах мирного времени
205 _aНеофиц. изд.
210 _aСанкт-Петербург
_cВ. Березовский
_d1901
215 _a107 с.
_cил.
_d15
740 1 _aРоссия
_tВоенные уставы и наставления
_3RU\NLR\AUTH\889957977
_9412039
801 0 _aRU
_bNLR
_gpsbo
801 0 _aRU
_bRuMoRGB
_2psbo
801 1 _aRU
_bProSoft-M
_2rusmarc
852 _aNLR
_j18.42.9.32
899 _aRuMoRGB
_jF 80/152
942 _cBOOK
980 _aNB